000 01580nam a22003017a 4500
005 20100819113936.0
010 _aENG-100930 B-431103-105
020 _a9788120341067
_c350.00
035 _aEN-84463 B-431103-105
037 _bDBAD/PUB
037 _bAllied Pub/Ven
082 _a612.38152
100 _aNair, B. Somanathan
_928438
245 _aSolid state devices /
_cby B. Somanathan Nair [and] S. R. Deepa
260 _aNew Delhi
_bPHI Learning
_c2010
270 _aM-97, Connaught Circus
_bNew Delhi
_e110001
300 _axv, 376 p.
_b24cm (Pbk)
500 _aIncludes index
650 _aSemicandoctors
_928439
650 _aTransistar
_928440
700 _aS. R. Deepa
_915115
942 _2ddc
_cEN
_h612.38152
_mNAI
999 _c42518
_d42518